Plan maestro y rehabilitación del complejo religioso santuario arquidiocesano nuestra señora de Lourdes en el municipio de ciudad Sandino, Managua
Este trabajo tiene por objeto presentar un plan maestro de rehabilitación para el complejo religioso Santuario Arquidiocesano Nuestra Señora de Lourdes en el Municipio de Ciudad Sandino, Managua, esto con el objetivo de facilitar el desplazamiento y confort de las personas en los espacios de recre...
| Main Authors: | , , |
|---|---|
| Other Authors: | |
| Format: | Tesis Section = Libro |
| Language: | Undetermined Spanish |
| Published: |
Managua
UNI
2023
|
| Subjects: |
| LEADER | 01547nam a2200289Ia 4500 | ||
|---|---|---|---|
| 008 | 240830s9999 xx 000 0 und d | ||
| 040 | |a BIBLIOTECA-RUSB/ Mon 726.9 B273 | ||
| 041 | |a spa | ||
| 082 | |a Mon 726.9 B273 | ||
| 100 | 1 | |a Barreto Torres, Noelia Eliette | |
| 100 | 1 | |b Paz Dolmuz, Yelitza Verónica | |
| 100 | 1 | |c Ponce García, Sara María | |
| 245 | 1 | 0 | |a Plan maestro y rehabilitación del complejo religioso santuario arquidiocesano nuestra señora de Lourdes en el municipio de ciudad Sandino, Managua |
| 260 | |a Managua |b UNI |c 2023 | ||
| 300 | |a 176 p. :il. | ||
| 500 | |a Contiene: anexos y CD. | ||
| 502 | |a Tesis (Arquitecto) - UNI, 2023. | ||
| 520 | 3 | |a Este trabajo tiene por objeto presentar un plan maestro de rehabilitación para el complejo religioso Santuario Arquidiocesano Nuestra Señora de Lourdes en el Municipio de Ciudad Sandino, Managua, esto con el objetivo de facilitar el desplazamiento y confort de las personas en los espacios de recreación espiritual/cultural, haciendo como propuesta un plan maestro que contenga planos arquitectónicos del templo, rehabilitación y tratamiento de áreas verdes (caminatas, rampas, diseño de vegetación y sistemas de riegos) del Santuario. | |
| 650 | 7 | |a DISEÑO ARQUITECTONICO | |
| 650 | 7 | |b EDIFICIOS - RELIGIOSAS – PROYECTOS | |
| 650 | 7 | |c ARQUITECTURA - DISEÑO DE PLANOS | |
| 650 | 7 | |d USO DEL SUELO | |
| 650 | 7 | |e ARQUITECTURA - SANTUARIO | |
| 700 | 1 | |a Tutor: |b Benavidez Rodríguez, Wildghem | |
| 942 | |c BK |2 ddc | ||
| 991 | |a TESIS | ||
| 999 | |c 27823 | ||